000 00241nam a2200097Ia 4500
008 240331s9999 xx 000 0 und d
082 _a303.6
_bRAC
100 _aLogo. ed
245 0 _aRace Relations in Sri Lanka :
_bTowards Solutions
942 _cL
999 _c1269
_d1269